| 000 | 00000nam 2200000za 4500 |
| 001 | 9.616724 |
| 003 | CaOODSP |
| 005 | 20220204123926 |
| 007 | ta |
| 008 | 150406|1988||||xxc||||| f|0| 0 eng d |
| 020 | |a0-662-01440-5 |
| 022 | |a0706-6503 |
| 040 | |aCaOODSP|beng |
| 043 | |an-cn--- |
| 086 | 1 |aFs94-191E |
| 110 | 1 |aCanada. |bDepartment of Fisheries and Oceans. |
| 245 | 10|aComputation and interpretation of biological statistics of fish populations / |c[by] W.E. Ricker. |
| 260 | |bFisheries and Oceans Canada |c1975, reprinted 1981. |
| 300 | |axviii, 382p. : |bgraphs, references, tables, index ; |c28 cm. |
| 490 | 1 |aCanadian bulletin of fisheries and aquatic sciences|x0706-6503|v191 |
| 563 | |aLoose-leaf |
| 720 | 1 |aRicker, W. E. |
| 775 | 08|tCalcul et interprétation des statistiques biologiques des population de poissons / |w(CaOODSP)9.625978 |
| 776 | 0#|tComputation and interpretation of biological statistics of fish populations / |w(CaOODSP)9.581563 |
| 830 | #0|aCanadian bulletin of fisheries and aquatic sciences,|x0706-6503|v191|w(CaOODSP)9.514677 |